|
|
|
|
| LEADER |
02531nam a22004455i 4500 |
| 001 |
978-3-642-21780-7 |
| 003 |
DE-He213 |
| 005 |
20151125161213.0 |
| 007 |
cr nn 008mamaa |
| 008 |
110727s2011 gw | s |||| 0|eng d |
| 020 |
|
|
|a 9783642217807
|9 978-3-642-21780-7
|
| 024 |
7 |
|
|a 10.1007/978-3-642-21780-7
|2 doi
|
| 040 |
|
|
|d GrThAP
|
| 050 |
|
4 |
|a QD146-197
|
| 072 |
|
7 |
|a PNK
|2 bicssc
|
| 072 |
|
7 |
|a SCI013030
|2 bisacsh
|
| 082 |
0 |
4 |
|a 546
|2 23
|
| 245 |
1 |
0 |
|a Fuel Cells and Hydrogen Storage
|h [electronic resource] /
|c edited by Andrew Bocarsly, David Michael P. Mingos.
|
| 264 |
|
1 |
|a Berlin, Heidelberg :
|b Springer Berlin Heidelberg,
|c 2011.
|
| 300 |
|
|
|a XII, 208 p.
|b online resource.
|
| 336 |
|
|
|a text
|b txt
|2 rdacontent
|
| 337 |
|
|
|a computer
|b c
|2 rdamedia
|
| 338 |
|
|
|a online resource
|b cr
|2 rdacarrier
|
| 347 |
|
|
|a text file
|b PDF
|2 rda
|
| 490 |
1 |
|
|a Structure and Bonding,
|x 0081-5993 ;
|v 141
|
| 505 |
0 |
|
|a S.C. Singhal and X.-D. Zhou: Solid Oxide Fuel Cells -- H. Wang and H.D. Abruña/: Electrocatalysis of Direct Alcohol Fuel Cells: Quantitative DEMS Studies -- J. Benziger, A. Bocarsly, M.J. Cheah, P.Majsztrik, B. Satterfield and Q. Zhao: Mechanical and Transport Properties of Nafion: Effects of Temperature and Water Activity -- S. Sachdeva, J. A. Turner, J.L. Horana and A. M. Herring: The Use of Heteropoly Acids in Proton Exchange Fuel Cells -- M. T. Kelly: Perspective on the Storage of Hydrogen: Past and Future.-.
|
| 520 |
|
|
|a S.C. Singhal and X.-D. Zhou: Solid Oxide Fuel Cells.- H. Wang and H.D. Abruña: Electrocatalysis of Direct Alcohol Fuel Cells: Quantitative DEMS Studies.- J. Benziger, A. Bocarsly, M.J. Cheah, P.Majsztrik, B. Satterfield and Q. Zhao: Mechanical and Transport Properties of Nafion: Effects of Temperature and Water Activity.- S. Sachdeva, J. A. Turner, J.L. Horana and A. M. Herring: The Use of Heteropoly Acids in Proton Exchange Fuel Cells.- M. T. Kelly: Perspective on the Storage of Hydrogen: Past and Future.-.
|
| 650 |
|
0 |
|a Chemistry.
|
| 650 |
|
0 |
|a Inorganic chemistry.
|
| 650 |
1 |
4 |
|a Chemistry.
|
| 650 |
2 |
4 |
|a Inorganic Chemistry.
|
| 700 |
1 |
|
|a Bocarsly, Andrew.
|e editor.
|
| 700 |
1 |
|
|a Mingos, David Michael P.
|e editor.
|
| 710 |
2 |
|
|a SpringerLink (Online service)
|
| 773 |
0 |
|
|t Springer eBooks
|
| 776 |
0 |
8 |
|i Printed edition:
|z 9783642217791
|
| 830 |
|
0 |
|a Structure and Bonding,
|x 0081-5993 ;
|v 141
|
| 856 |
4 |
0 |
|u http://dx.doi.org/10.1007/978-3-642-21780-7
|z Full Text via HEAL-Link
|
| 912 |
|
|
|a ZDB-2-CMS
|
| 950 |
|
|
|a Chemistry and Materials Science (Springer-11644)
|